LDR 01032naa#a2200181#i#450# 001 RU\\bibl\118027 005 20260428133228.2 011 ## _a3033-8239 100 ## _a20260401b2026####ek#y0rusy0150####ca 102 ## _aRU 200 1# _aОБРАБОТКА РЕЗУЛЬТАТОВ МОДЕЛИРОВАНИЯ КОМПЬЮТЕРНЫХ АТАК НА ОБЪЕКТ ЗАЩИТЫ С ИСПОЛЬЗОВАНИЕМ МЕТОДОВ МАШИННОГО ОБУЧЕНИЯ _eЖурнальная статья 210 1# _aАрмавир _cАвтономная некоммерческая организация научно-исследовательский институт «Цифровая философия – Цифровой интеллект» _d2026 215 ## _a0 с. 608 ## _aЖурнальная статья _2local 675 ## _aИскусственный интеллект. 004.8 _z 700 #1 _aДобрышин _gМихаил Михайлович 700 #1 _aЖиляева _gВалерия Алексеевна 856 4# _aintellectualsovereignty.ru _u